000 00652nam a2200205 i 4500
001 64882
003 ES-MaACL
005 20230906165236.0
007 t|
008 040107s1957 sp ||||1| spa d
100 1 _aFortes Monclús, Antonio.
_951850
245 1 3 _aEl afán de vivir /
_cAntonio Fortes Monclús. Nos bastaría el amor / Ricardo de Orozco. Fetasa / Isaac de Vega.
260 _aSanta Cruz de Tenerife :
_bGoya,
_c[1957]
300 _a330 p. ;
_c21 cm.
700 1 _aOrozco, Ricardo de.
_987338
700 1 _aVega, Isaac de.
_9113551
740 0 _aNos bastaría el amor.
740 0 _aFetasa.
852 _aES-MaACL
_jC-13798
_bR.41641
999 _c64882
_d64882